[Event "FRA-ch U16 Girls"]
[Site "Le Grand Bornand"]
[Date "2007.04.??"]
[Round "1"]
[White "Lazare, Christelle"]
[Black "Genzling, Sylvie"]
[Result "0-1"]
[WhiteElo "1600"]
[BlackElo "1914"]
[PlyCount "62"]
[EventDate "2007.04.07"]
[EventType "swiss"]
[EventRounds "9"]
[EventCountry "FRA"]
[SourceTitle "CBM 118 Extra"]
[Source "ChessBase"]
[SourceDate "2007.07.04"]
[SourceVersion "1"]
[SourceVersionDate "2007.07.04"]
[SourceQuality "1"]

1. d4 d5 2. c4 e6 3. Nc3 Nf6 4. Nf3 c6 5. Bg5 Nbd7 6. e3 Qa5 7. Bxf6 Nxf6 8. a3 Ne4 9. Qc2 Bb4 10. Ra2 Bxc3+ 11. bxc3 Qxc3+ 12. Qxc3 Nxc3 13. Rc2 Ne4 14. Bd3 Nf6 15. 0-0 0-0 16. h3 Nd7 17. cxd5 exd5 18. Nd2 Nb6 19. f3 f5 20. e4 fxe4 21. fxe4 Rxf1+ 22. Nxf1 dxe4 23. Bxe4 Be6 24. Ne3 Re8 25. Bf3 Bxh3 26. Kf2 Be6 27. Rd2 Rd8 28. Ng4 Nc4 29. Rd3 Kf8 30. Ne3 Nb6 31. Be4 g6 0-1